000 00619cam a22002171 4500
001 e 22000365
003 DLC
005 20260227111213.0
008 761206s1915 xx 000 0 eng
010 _ae 22000365
035 _a(OCoLC)2600557
040 _aDLC
_cGStG
_dDLC
042 _apremarc
050 0 0 _aPN1031
_b.C58
100 1 _aColvin, Sidney,
_d1845-1927.
245 1 0 _aOn concentration and suggestion in poetry,
_cby Sir Sidney Colvin.
260 _a[Oxford,
_bOxford university press]
_c1915.
300 _a26 p.
_c25 cm.
490 0 _aThe English association. Pamphlet,
_vno. 32
650 0 _aPoetry.
999 _c20532
_d20532